NBA Heat all time starting roster - Statistics

General Stats
  • This quiz has been taken 18 times
  • The average score is 9 of 13
Answer Stats
Hint Answer % Correct
SG Dwyane Wade
100%
BN Alonzo Mourning
94%
BN Chris Bosh
94%
SF Jimmy Butler
94%
PF LeBron James
94%
C Shaquille O'Neal
94%
PG Tim Hardaway
88%
BN Bam Adebayo
75%
BN Udonis Haslem
44%
BN Glen Rice
31%
BN Goran Dragić
31%
BN Ray Allen
13%
BN Rony Seikaly
13%
No matching quizzes found
Score Distribution
Percent of People with Each Score
Percentile by Number Answered
Your Score History
You have not taken this quiz